MDD et leur influence sur la relation fabricant diplomová práca

Salvato in:
Dettagli Bibliografici
Autore principale: Romain, Aurélien Gilles Daniel
Ente Autore: Ekonomická univerzita v Bratislave. Ústav medzinárodných programov
Altri autori: Kita, Pavol
Natura: Libro
Lingua:francese
Pubblicazione: Bratislava 2011
Tags: Aggiungi Tag
Nessun Tag, puoi essere il primo ad aggiungerne!!

MARC

LEADER 00000nam a2200000 4500
001 0150093
005 20240318114940.8
041 0 |a fre 
044 |a SK 
245 1 0 |a MDD et leur influence sur la relation fabricant  |b diplomová práca  |c Aurélien Gilles Daniel Romain ; školiteľ: Pavol Kita 
264 1 |a Bratislava  |c 2011 
300 |a 68 s. 
100 1 |a Romain, Aurélien Gilles Daniel 
700 1 |a Kita, Pavol 
710 2 |a Ekonomická univerzita v Bratislave. Ústav medzinárodných programov